Catálogo
 En Linea

Derecho del tránsito de la República Dominicana : (Registro nro. 58187)

Detalles MARC
000 -CABECERA
campo de control de longitud fija 03141nam a2200349 i 4500
003 - IDENTIFICADOR DEL NÚMERO DE CONTROL
campo de control DO-SdBNP
005 - FECHA Y HORA DE LA ÚLTIMA TRANSACCIÓN
campo de control 20250221141945.0
007 - CAMPO FIJO DE DESCRIPCIÓN FÍSICA--INFORMACIÓN GENERAL
campo de control de longitud fija ta
008 - DATOS DE LONGITUD FIJA--INFORMACIÓN GENERAL
campo de control de longitud fija 250221b1998 dr ||||| |||| 00| 0 spa d
040 ## - FUENTE DE LA CATALOGACIÓN
Centro catalogador/agencia de origen DO-SdBNP
Lengua de catalogación spa
Centro/agencia transcriptor BNPHU
Normas de descripción rda
041 ## - CÓDIGO DE LENGUA
Código de lengua original spa
082 #4 - NÚMERO DE LA CLASIFICACIÓN DECIMAL DEWEY
Número de clasificación 343.72930946
Número de documento/Ítem C352de
Número de edición 22
100 1# - ENTRADA PRINCIPAL--NOMBRE DE PERSONA
Nombre de persona Castillo Pantaleón , Juan Miguel,
Término indicativo de función/relación autor
Código de función/relación aut.
9 (RLIN) 54034
245 10 - MENCIÓN DE TÍTULO
Título Derecho del tránsito de la República Dominicana :
Resto del título responsabilidad civil, legislación vigente, jurisprudencia, índice alfabético /
Mención de responsabilidad, etc. Juan Miguel Castillo Pantaleón ; prólogo, Pedro P. Yermenos Forastieri
250 ## - MENCIÓN DE EDICIÓN
Mención de edición primera edición
264 #1 - PRODUCCIÓN, PUBLICACIÓN, DISTRIBUCIÓN, FABRICACIÓN Y COPYRIGHT
Producción, publicación, distribución, fabricación y copyright Santo Domingo :
Nombre del de productor, editor, distribuidor, fabricante Autoridad Metropolitana de Transporte,
Fecha de producción, publicación, distribución, fabricación o copyright 1998.
300 ## - DESCRIPCIÓN FÍSICA
Extensión 455 páginas ;
Dimensiones 23 cm.
336 ## - TIPO DE CONTENIDO
Término de tipo de contenido texto
Código de tipo de contenido txt
Fuente rdacontent
337 ## - TIPO DE MEDIO
Nombre/término del tipo de medio sin mediación
Código del tipo de medio n
Fuente rdamedia
338 ## - TIPO DE SOPORTE
Nombre/término del tipo de soporte volumen
Código del tipo de soporte nc
Fuente rdacarrier
500 ## - NOTA GENERAL
Nota general Incluye referencias bibliográficas y notas al pie de las páginas
505 0# - NOTA DE CONTENIDO CON FORMATO
Nota de contenido con formato Presentación--
Título Prólogo--
-- Algunas notas sobre responsabilidad civil en materia de accidentes de tránsito--
-- Cronología de las disposiciones realtivas al tránsito de vehículos. Primera parte: 1917 - 1969--
-- Cronología de las disposiciones relativas al tránsito de vehículos. Segunda parte: 1967 - 1998--
-- Ley 241 de tránsito de vehículos--
-- Título I, Definiciones--
-- Título II, Registro de vehículos de motor y remolque--
-- Título III, Licencia de conducir--
-- Título IV, Accidentes--
-- Título V, disposiciones sobre tránsito y seguridad--
-- Título VI, Equipos de los vehículos--
-- Título VII, De las dimensiones y peso de los vehículos y de sus cargas--
-- Título VIII, Servicio público, urbano e interurbano--
-- Título IX, sistema de denuncia y citación simultáneas--
-- Título X, Escuela para conductores de vehículos de motor--
-- Título XI, Vehículos de motor conducidos por quien lo alquila--
-- Título XII, Suspensiones y cancelaciones de licencias y notificaciones de sentencia--
-- Título XIII, Uso de la vía pública por los vehículos de motor--
-- Título XIV, Disposiciones generales--
-- Título XV, disposiciones transitorias--
-- Apéndices. Otras disposiciones relativas al tránsito de vehículos en la República Dominicana--
-- Apéndice I. Normas sobre señales de tránsito--
-- Apéndice II. Normas sobre seguro obligatorio--
-- Apéndice III. Normas que crean instituciones reguladoras del tránsito--
-- Apéndice VI. Normas sobre conducción y comportamiento vial--
-- Apéndice VI. Normas sobre estacionamiento de vehículos--
-- Gráfico sobre las principales señales de tránsito--
-- Guía temática de las disposiciones de la ley 241, sobre tránsito de vehículos, sus ,modificaciones y complementos.
590 ## - NOTA LOCAL (RLIN)
Nota local Inventariado, 2025/BT
650 #4 - PUNTO DE ACCESO ADICIONAL DE MATERIA--TÉRMINO DE MATERIA
Término de materia o nombre geográfico como elemento de entrada Reglamentos del transito
9 (RLIN) 78971
650 #4 - PUNTO DE ACCESO ADICIONAL DE MATERIA--TÉRMINO DE MATERIA
Término de materia o nombre geográfico como elemento de entrada Responsabilidad por accidentes de transito
9 (RLIN) 81241
650 #4 - PUNTO DE ACCESO ADICIONAL DE MATERIA--TÉRMINO DE MATERIA
Término de materia o nombre geográfico como elemento de entrada Jurisprudencia Civil-República Dominicana
9 (RLIN) 78972
650 #4 - PUNTO DE ACCESO ADICIONAL DE MATERIA--TÉRMINO DE MATERIA
Término de materia o nombre geográfico como elemento de entrada Reglamento de Tránsito-República Dominicana
9 (RLIN) 78973
650 #4 - PUNTO DE ACCESO ADICIONAL DE MATERIA--TÉRMINO DE MATERIA
Término de materia o nombre geográfico como elemento de entrada Tránsito-Legislación
9 (RLIN) 78974
700 1# - PUNTO DE ACCESO ADICIONAL--NOMBRE DE PERSONA
Nombre de persona Pedro P., Yermenos Forastieri,
Término indicativo de función/relación prologuista
9 (RLIN) 78975
Código de función/relación pr.
910 ## - DATOS DE OPCIÓN DEL USUARIO (OCLC)
Datos de opción del usuario Btavárez
942 ## - ELEMENTOS DE PUNTO DE ACCESO ADICIONAL (KOHA)
Fuente del sistema de clasificación o colocación Dewey Decimal Classification
Tipo de ítem Koha Libro
Existencias
Estado de retiro Estado de pérdida Fuente del sistema de clasificación o colocación Restricciones de uso No para préstamo Código de colección Localización permanente Ubicación/localización actual Ubicación en estantería Fecha de adquisición Fuente de adquisición Total de préstamos Signatura topográfica completa Código de barras Fecha visto por última vez Precio válido a partir de Tipo de ítem Koha
    Dewey Decimal Classification Excluido de préstamo   Patrimonio Dominicano Biblioteca Nacional Pedro Henríquez Ureña Biblioteca Nacional Pedro Henríquez Ureña En catalogación 21.02.2025 Donado por Mónica Despradel.   BNPHU PD 343.72930946 C352de 2025-1169 21.02.2025 21.02.2025 Libro

Con tecnología Koha